[Event "Graz op-A"]
[Site "Graz"]
[Date "2022.09.03"]
[Round "1"]
[White "Henrichs, Thomas"]
[Black "Lichtmannecker, Daniel"]
[Result "1-0"]
[WhiteElo "2450"]
[BlackElo "2055"]
[PlyCount "119"]
[EventDate "2022.09.03"]
[EventType "swiss"]
[EventRounds "9"]
[EventCountry "AUT"]
[SourceTitle "EXT 2023"]
[Source "ChessBase"]
[SourceDate "2022.10.05"]
[SourceVersion "1"]
[SourceVersionDate "2022.10.05"]
[SourceQuality "1"]

1. d4 Nf6 2. c4 c6 3. Nc3 d5 4. Nf3 e6 5. g3 dxc4 6. Bg2 b5 7. Ne5 Nd5 8. 0-0 Bb7 9. a4 a6 10. e4 Nxc3 11. bxc3 Nd7 12. Bf4 Be7 13. Qg4 Nxe5 14. Bxe5 Bf6 15. Bxf6 Qxf6 16. e5 Qe7 17. Qxg7 0-0-0 18. Qh6 c5 19. d5 Rxd5 20. axb5 axb5 21. Bxd5 Bxd5 22. Qe3 Kb7 23. Rfb1 Kb6 24. Qe2 Qd7 25. Ra2 Ra8 26. Rxa8 Bxa8 27. Qxc4 Qc6 28. f3 Ka6 29. Qe2 c4 30. Qe3 Kb7 31. Qf4 Qc5+ 32. Kg2 Kb6 33. Ra1 Bb7 34. Qg5 f6 35. Qxf6 Qd5 36. Ra2 b4 37. cxb4 c3 38. Rf2 Qc6 39. Qd8+ Kb5 40. Qa5+ Kc4 41. Kh3 Kd3 42. b5 Qc5 43. Kg2 Qxe5 44. Qb4 Qd4 45. Qb1+ Kc4 46. Qa2+ Kxb5 47. Qb3+ Qb4 48. Qxe6 Qc4 49. Qf5+ Bd5 50. Qxh7 Qc6 51. Qd3+ Kb4 52. h4 Bb3 53. Qd4+ Ka3 54. Rf1 c2 55. Ra1+ Ba2 56. Qa7+ Kb4 57. Qxa2 c1Q 58. Qa5+ Kb3 59. Rxc1 Qxc1 60. Qb5+ 1-0

[Event "Oberliga Wuerttemberg 1920"]
[Site "Wuerttemberg"]
[Date "2019.12.01"]
[Round "4.1"]
[White "Henrichs, Thomas"]
[Black "Petrova, Kristyna"]
[Result "1-0"]
[WhiteElo "2390"]
[BlackElo "2235"]
[PlyCount "79"]
[EventDate "2019.09.15"]
[EventType "team-tourn"]
[EventRounds "9"]
[EventCountry "GER"]
[SourceTitle "EXT 2021"]
[Source "ChessBase"]
[SourceDate "2020.10.23"]
[SourceVersion "1"]
[SourceVersionDate "2020.10.23"]
[SourceQuality "1"]
[WhiteTeam "Weiler im Allgaeu"]
[BlackTeam "Schwaebisch Gmuend"]
[WhiteTeamCountry "GER"]
[BlackTeamCountry "GER"]

1. c4 e5 2. Nc3 Nf6 3. Nf3 Nc6 4. e3 Bb4 5. Qc2 Bxc3 6. bxc3 d6 7. e4 Nh5 8. g3 Qf6 9. Bg2 Bh3 10. 0-0 Bxg2 11. Kxg2 g5 12. Rb1 Rb8 13. Qa4 0-0 14. d3 h6 15. Be3 a6 16. h4 Qg6 17. hxg5 hxg5 18. Rh1 f5 19. exf5 Rxf5 20. Qd1 Nf6 21. Nd2 e4 22. dxe4 Ra5 23. c5 Kg7 24. cxd6 cxd6 25. Rb6 Rb5 26. Rxb5 axb5 27. Qb1 Ng4 28. Bb6 Ra8 29. Nf3 Nge5 30. Nd4 Nxd4 31. Bxd4 g4 32. Rh4 Rh8 33. Rxh8 Kxh8 34. c4 b4 35. c5 Kh7 36. Bxe5 dxe5 37. Qxb4 Qf7 38. Kg1 Kh6 39. Qd2+ Kh5 40. Qd6 1-0

[Event "Oberliga Wuerttemberg 1920"]
[Site "Wuerttemberg"]
[Date "2019.11.10"]
[Round "3.1"]
[White "Henrichs, Thomas"]
[Black "Koelle, Tobias"]
[Result "1-0"]
[WhiteElo "2390"]
[BlackElo "2238"]
[PlyCount "89"]
[EventDate "2019.09.15"]
[EventType "team-tourn"]
[EventRounds "9"]
[EventCountry "GER"]
[SourceTitle "EXT 2021"]
[Source "ChessBase"]
[SourceDate "2020.10.23"]
[SourceVersion "1"]
[SourceVersionDate "2020.10.23"]
[SourceQuality "1"]
[WhiteTeam "Weiler im Allgaeu"]
[BlackTeam "Schoenaich II"]
[WhiteTeamCountry "GER"]
[BlackTeamCountry "GER"]

1. d4 Nf6 2. c4 g6 3. Nc3 Bg7 4. e4 d6 5. h3 0-0 6. Nf3 e5 7. d5 Na6 8. Be3 Nh5 9. g3 Qe8 10. Be2 Bd7 11. Nd2 Nf6 12. g4 Qc8 13. a3 c5 14. Rg1 Ne8 15. Bd3 Kh8 16. Qe2 b6 17. Kd1 Rb8 18. Kc2 Nac7 19. h4 Qb7 20. g5 f5 21. f3 b5 22. cxb5 a6 23. a4 axb5 24. axb5 Na8 25. Nb3 Qc8 26. Na5 Nb6 27. Nc6 Ra8 28. Qg2 Nc7 29. Qh1 fxe4 30. fxe4 Bxc6 31. bxc6 Na6 32. h5 Nb4+ 33. Kd2 Kg8 34. h6 Rxa1 35. hxg7 Nxd3 36. gxf8Q+ Qxf8 37. Kxd3 Ra5 38. Qh3 Qa8 39. Qe6+ Kh8 40. Qxd6 Na4 41. Qf6+ Kg8 42. Qe6+ Kg7 43. Qd7+ Kg8 44. c7 Nxb2+ 45. Kc2 1-0

[Event "AUT-chT 1920"]
[Site "Austria"]
[Date "2019.10.11"]
[Round "2.4"]
[White "Henrichs, Thomas"]
[Black "Hess, Max"]
[Result "1/2-1/2"]
[WhiteElo "2440"]
[BlackElo "2373"]
[PlyCount "82"]
[EventDate "2019.10.10"]
[EventType "team-tourn"]
[EventRounds "11"]
[EventCountry "AUT"]
[SourceTitle "EXT 2020"]
[Source "ChessBase"]
[SourceDate "2019.10.17"]
[SourceVersion "1"]
[SourceVersionDate "2019.10.17"]
[SourceQuality "1"]
[WhiteTeam "Hohenems"]
[BlackTeam "Bregenz"]
[WhiteTeamCountry "AUT"]
[BlackTeamCountry "AUT"]

1. Nf3 Nf6 2. c4 g6 3. Nc3 Bg7 4. e4 d6 5. d4 0-0 6. h3 Na6 7. Be3 c5 8. d5 e6 9. Bd3 exd5 10. exd5 Nc7 11. a4 Na6 12. 0-0 Nb4 13. Bb1 b6 14. Qd2 Ba6 15. Nb5 Re8 16. Bg5 Qd7 17. Bf4 Bxb5 18. axb5 a6 19. bxa6 b5 20. cxb5 Nfxd5 21. Bg3 Qxb5 22. Bxd6 Qc6 23. Bg3 Rxa6 24. Rxa6 Qxa6 25. Re1 Rxe1+ 26. Qxe1 Bxb2 27. Qe8+ Kg7 28. Ng5 Qf6 29. Ne4 Qc6 30. Qb8 Nf6 31. Bd6 Qe8 32. Qxe8 Nxe8 33. Bxc5 Nc6 34. Ba2 h6 35. g4 Be5 36. Kg2 Nc7 37. h4 Bd4 38. Bd6 Be5 39. f4 Bxd6 40. Nxd6 Nd8 41. Kf3 Kf6 1/2-1/2

[Event "Oberliga Wuerttemberg 1819"]
[Site "Wuerttemberg"]
[Date "2019.04.07"]
[Round "9.2"]
[White "Kvetny, Mark"]
[Black "Henrichs, Thomas"]
[Result "1-0"]
[WhiteElo "2421"]
[BlackElo "2469"]
[PlyCount "41"]
[EventDate "2018.09.23"]
[EventType "team-tourn"]
[EventRounds "9"]
[EventCountry "GER"]
[SourceTitle "EXT 2020"]
[Source "ChessBase"]
[SourceDate "2019.10.17"]
[SourceVersion "1"]
[SourceVersionDate "2019.10.17"]
[SourceQuality "1"]
[WhiteTeam "Stuttgart SF"]
[BlackTeam "Weiler im Allgaeu"]
[WhiteTeamCountry "GER"]
[BlackTeamCountry "GER"]

1. c4 f5 2. b3 d6 3. Bb2 e5 4. e3 Nf6 5. Nf3 g6 6. Be2 Bg7 7. h4 0-0 8. d4 e4 9. Ng5 c6 10. Nc3 d5 11. Nh3 Bh6 12. Qd2 Be6 13. f4 exf3 14. gxf3 f4 15. e4 dxe4 16. Nxe4 Nh5 17. Nhg5 Bf5 18. c5 Qe7 19. 0-0-0 Nd7 20. Bc4+ Kh8 21. Rhe1 1-0

[Event "ISL-chT1 1819"]
[Site "Reykjavik"]
[Date "2019.03.02"]
[Round "9.4"]
[White "Nagy, Gabor"]
[Black "Henrichs, Thomas"]
[Result "1/2-1/2"]
[WhiteElo "2464"]
[BlackElo "2423"]
[PlyCount "53"]
[EventDate "2018.11.08"]
[EventType "team-tourn"]
[EventRounds "9"]
[EventCountry "ISL"]
[SourceTitle "CBM 189 Extra"]
[Source "ChessBase"]
[SourceDate "2019.06.03"]
[SourceVersion "1"]
[SourceVersionDate "2019.06.03"]
[SourceQuality "1"]
[WhiteTeam "Taflfelag Gardjabaejar"]
[BlackTeam "Skakdeild Fjolnis"]
[WhiteTeamCountry "ISL"]
[BlackTeamCountry "ISL"]

1. Nf3 f5 2. b3 d6 3. d4 Nf6 4. g3 g6 5. Bg2 Bg7 6. Bb2 0-0 7. 0-0 Ne4 8. c4 Nc6 9. Nc3 e5 10. dxe5 Nxc3 11. Bxc3 dxe5 12. Qd5+ Kh8 13. Qc5 Re8 14. Rad1 Qe7 15. Qxe7 Rxe7 16. Ne1 e4 17. Bxg7+ Kxg7 18. f3 exf3 19. exf3 f4 20. Nd3 fxg3 21. hxg3 a5 22. Rfe1 Rxe1+ 23. Rxe1 a4 24. f4 axb3 25. axb3 Kf8 26. Nc5 Ra5 27. Bxc6 1/2-1/2

[Event "AUT-chT 1819"]
[Site "Austria"]
[Date "2019.01.19"]
[Round "7.1"]
[White "Henrichs, Thomas"]
[Black "Mostbauer, Florian"]
[Result "1-0"]
[WhiteElo "2458"]
[BlackElo "2348"]
[PlyCount "85"]
[EventDate "2018.11.15"]
[EventType "team-tourn"]
[EventRounds "11"]
[EventCountry "AUT"]
[SourceTitle "CBM 188 Extra"]
[Source "ChessBase"]
[SourceDate "2019.02.26"]
[SourceVersion "1"]
[SourceVersionDate "2019.02.26"]
[SourceQuality "1"]
[WhiteTeam "Hohenems"]
[BlackTeam "Ansfelden"]
[WhiteTeamCountry "AUT"]
[BlackTeamCountry "AUT"]

1. Nf3 d5 2. g3 Nf6 3. Bg2 g6 4. c4 c6 5. b3 Bg7 6. Bb2 0-0 7. 0-0 Re8 8. d4 Bf5 9. e3 Qc8 10. Qe2 Bh3 11. cxd5 Bxg2 12. Kxg2 cxd5 13. Rc1 Nc6 14. Ne5 Qe6 15. Nxc6 bxc6 16. Nc3 h5 17. h3 Rac8 18. Na4 Ne4 19. Nc5 Nxc5 20. Rxc5 Qd7 21. Rac1 Rc7 22. Qc2 Rec8 23. Bc3 e5 24. Ba5 Rb7 25. dxe5 Bxe5 26. Rxc6 Re8 27. Rc8 Kh7 28. Qc6 Rxc8 29. Qxd7 Rxd7 30. Rxc8 d4 31. exd4 Bxd4 32. Rd8 Rxd8 33. Bxd8 Kg7 34. Bg5 a6 35. Kf3 f5 36. Ke2 Kf7 37. Be3 Bf6 38. Kd3 Ke6 39. Kc4 Kd6 40. h4 Kc6 41. b4 Bb2 42. a4 Kd6 43. Bf4+ 1-0

[Event "AUT-chT2W 1819"]
[Site "Austria"]
[Date "2018.12.09"]
[Round "5.1"]
[White "Bilchinski, Anton"]
[Black "Henrichs, Thomas"]
[Result "1-0"]
[WhiteElo "2301"]
[BlackElo "2469"]
[PlyCount "85"]
[EventDate "2018.10.12"]
[EventType "team-tourn"]
[EventRounds "11"]
[EventCountry "AUT"]
[SourceTitle "CBM 189 Extra"]
[Source "ChessBase"]
[SourceDate "2019.06.03"]
[SourceVersion "1"]
[SourceVersionDate "2019.06.03"]
[SourceQuality "1"]
[WhiteTeam "Pradl"]
[BlackTeam "Hohenems II"]
[WhiteTeamCountry "AUT"]
[BlackTeamCountry "AUT"]

1. d4 Nf6 2. c4 e6 3. Nc3 Bb4 4. Qc2 d5 5. a3 Bxc3+ 6. Qxc3 0-0 7. Nf3 dxc4 8. Qxc4 b6 9. Bg5 Ba6 10. Qa4 h6 11. Bh4 c5 12. dxc5 bxc5 13. Rc1 Qb6 14. Bxf6 gxf6 15. Rc2 Nc6 16. e3 Bxf1 17. Rxf1 Na5 18. Nd2 Rfd8 19. b4 Nb7 20. Ke2 cxb4 21. axb4 Qd6 22. Rfc1 a5 23. b5 Qd3+ 24. Ke1 Nc5 25. Qg4+ Kf8 26. Qe2 Qxe2+ 27. Kxe2 Rxd2+ 28. Rxd2 Nb3 29. Rc7 Nxd2 30. b6 Rb8 31. b7 Rxb7 32. Rxb7 Ne4 33. Ra7 f5 34. Rxa5 Kg7 35. f3 Nf6 36. Kd3 Kg6 37. Kd4 h5 38. Ke5 Nd7+ 39. Kf4 Kf6 40. e4 e5+ 41. Kg3 fxe4 42. fxe4 Nf8 43. Kh4 1-0

[Event "Vlissingen HZ op 22nd"]
[Site "Vlissingen"]
[Date "2018.08.11"]
[Round "9"]
[White "Henrichs, Thomas"]
[Black "Kalisvaart, Peter"]
[Result "1-0"]
[WhiteElo "2486"]
[BlackElo "2090"]
[PlyCount "53"]
[EventDate "2018.08.04"]
[EventType "swiss"]
[EventRounds "9"]
[EventCountry "NED"]
[SourceTitle "CBM 185 Extra"]
[Source "ChessBase"]
[SourceDate "2018.07.29"]
[SourceVersion "1"]
[SourceVersionDate "2018.07.29"]
[SourceQuality "1"]

1. d4 d5 2. c4 Nc6 3. Nf3 Bg4 4. Nc3 Nf6 5. cxd5 Bxf3 6. gxf3 Nxd5 7. e4 Nxc3 8. bxc3 e6 9. Rb1 Be7 10. Rxb7 Na5 11. Qa4+ c6 12. Rxe7+ Kxe7 13. Ba3+ Kd7 14. d5 exd5 15. Bh3+ Kc7 16. Qxa5+ Kb7 17. Qb4+ Qb6 18. Qe7+ Qc7 19. Qxc7+ Kxc7 20. e5 Kb6 21. Bd6 c5 22. f4 d4 23. Kd2 dxc3+ 24. Kxc3 Rad8 25. Rb1+ Kc6 26. Bg2+ Kd7 27. Bd5 1-0

[Event "SUI-ch HT1 118th"]
[Site "Lenzerheide"]
[Date "2018.07.15"]
[Round "4"]
[White "Henrichs, Thomas"]
[Black "Stojanovic, Mihajlo"]
[Result "1/2-1/2"]
[WhiteElo "2479"]
[BlackElo "2488"]
[PlyCount "26"]
[EventDate "2018.07.12"]
[EventType "swiss"]
[EventRounds "9"]
[EventCountry "SUI"]
[SourceTitle "EXT 2019"]
[Source "ChessBase"]
[SourceDate "2018.10.10"]
[SourceVersion "1"]
[SourceVersionDate "2018.10.10"]
[SourceQuality "1"]

1. d4 d5 2. c4 dxc4 3. e4 Nf6 4. e5 Nd5 5. Bxc4 Nb6 6. Bb3 Nc6 7. Ne2 Bf5 8. Nbc3 e6 9. 0-0 Be7 10. Be3 Nb4 11. Ng3 Bd3 12. Re1 Bg6 13. Qe2 Qd7 1/2-1/2

[Event "Bodensee op"]
[Site "Bregenz"]
[Date "2018.05.13"]
[Round "9"]
[White "Henrichs, Thomas"]
[Black "Pruijssers, Roeland"]
[Result "0-1"]
[WhiteElo "2467"]
[BlackElo "2519"]
[PlyCount "94"]
[EventDate "2018.05.05"]
[EventType "swiss"]
[EventRounds "9"]
[EventCountry "AUT"]
[SourceTitle "CBM 184 Extra"]
[Source "ChessBase"]
[SourceDate "2018.06.28"]
[SourceVersion "1"]
[SourceVersionDate "2018.06.28"]
[SourceQuality "1"]

1. e4 c5 2. Nf3 e6 3. d4 cxd4 4. Nxd4 Nc6 5. Nc3 Qc7 6. Be2 Nf6 7. 0-0 Be7 8. Kh1 0-0 9. f4 d6 10. Be3 Nxd4 11. Qxd4 b6 12. Bf3 Bb7 13. Nb5 Qb8 14. c4 a6 15. Nc3 Nd7 16. Rfd1 Rd8 17. Rac1 Nc5 18. Qd2 Bf6 19. b4 Bxc3 20. Qxc3 Nxe4 21. Qd4 Nf6 22. Bxb7 Qxb7 23. Qxb6 Qe4 24. Qd4 Qc6 25. Qd3 d5 26. cxd5 Qxd5 27. Qxd5 Nxd5 28. Bd2 h5 29. g3 Kh7 30. Kg2 Rac8 31. Kf3 Nc3 32. Bxc3 Rxd1 33. Rxd1 Rxc3+ 34. Ke2 Ra3 35. Rd2 Kg6 36. Kd1 h4 37. gxh4 Kf5 38. Kc1 Ra4 39. Rb2 f6 40. h5 Kxf4 41. Kb1 e5 42. Rb3 e4 43. a3 e3 44. Ka2 e2 45. Rb1 Ke3 46. Kb3 Rxa3+ 47. Kxa3 f5 0-1

[Event "Oberliga Wuerttemberg 1718"]
[Site "Wuerttemberg"]
[Date "2018.04.22"]
[Round "9.26"]
[White "Haecker, Alexander"]
[Black "Henrichs, Thomas"]
[Result "1/2-1/2"]
[WhiteElo "2231"]
[BlackElo "2476"]
[PlyCount "77"]
[EventDate "2017.09.17"]
[EventType "team-tourn"]
[EventRounds "9"]
[EventCountry "GER"]
[SourceTitle "EXT 2019"]
[Source "ChessBase"]
[SourceDate "2018.10.10"]
[SourceVersion "1"]
[SourceVersionDate "2018.10.10"]
[SourceQuality "1"]
[WhiteTeam "Stuttgart Wolfbusch"]
[BlackTeam "Weiler im Allgaeu"]
[WhiteTeamCountry "GER"]
[BlackTeamCountry "GER"]

1. e4 d6 2. d4 Nf6 3. Nc3 g6 4. f4 Bg7 5. Nf3 c5 6. Bb5+ Bd7 7. Bxd7+ Nbxd7 8. e5 Nh5 9. exd6 0-0 10. d5 Nb6 11. dxe7 Qxe7+ 12. Kf2 Rad8 13. Re1 Qd6 14. Ne5 Nxd5 15. Nxd5 Qxd5 16. Qxd5 Rxd5 17. c3 Re8 18. Nf3 Rxe1 19. Kxe1 Nf6 20. Be3 Ne4 21. Rd1 Rxd1+ 22. Kxd1 b6 23. Kc2 f5 24. Kd3 Nd6 25. Nd2 Kf7 26. Nc4 Ke6 27. Nxd6 Kxd6 28. Kc4 Kc6 29. a4 a6 30. b3 Bf6 31. g3 h5 32. h4 Bd8 33. Bf2 b5+ 34. axb5+ axb5+ 35. Kd3 Ba5 36. Be1 Kd6 37. Bd2 Kc6 38. Be1 Kd6 39. Bd2 1/2-1/2

[Event "Oberliga Wuerttemberg 1718"]
[Site "Wuerttemberg"]
[Date "2018.02.18"]
[Round "7"]
[White "Velicka, Petr"]
[Black "Henrichs, Thomas"]
[Result "1/2-1/2"]
[WhiteElo "2412"]
[BlackElo "2476"]
[PlyCount "65"]
[EventDate "2017.09.17"]
[EventType "team-tourn"]
[EventRounds "9"]
[EventCountry "GER"]
[SourceTitle "EXT 2019"]
[Source "ChessBase"]
[SourceDate "2018.10.10"]
[SourceVersion "1"]
[SourceVersionDate "2018.10.10"]
[SourceQuality "1"]
[WhiteTeam "Schwaebisch Gmuend"]
[BlackTeam "Weiler im Allgaeu"]
[WhiteTeamCountry "GER"]
[BlackTeamCountry "GER"]

1. e4 e5 2. Nf3 Nc6 3. Bb5 a6 4. Ba4 Nf6 5. 0-0 Be7 6. d3 b5 7. Bb3 d6 8. c3 0-0 9. Re1 Na5 10. Bc2 c5 11. Nbd2 Nc6 12. Nf1 Re8 13. Ng3 h6 14. h3 Be6 15. d4 cxd4 16. cxd4 exd4 17. Nxd4 Nxd4 18. Qxd4 Rc8 19. Bb3 d5 20. e5 Nd7 21. Be3 Bc5 22. Qd1 d4 23. Bxd4 Bxd4 24. Qxd4 Bxb3 25. axb3 Nxe5 26. Qxd8 Rcxd8 27. Re4 Nd3 28. Rxa6 Rxe4 29. Nxe4 Rd4 30. Rd6 Rxe4 31. Rxd3 Re1+ 32. Kh2 Re2 33. Rd5 1/2-1/2

[Event "AUT-chT 1718"]
[Site "Austria"]
[Date "2018.01.21"]
[Round "8.1"]
[White "Henrichs, Thomas"]
[Black "Stohl, Igor"]
[Result "0-1"]
[WhiteElo "2475"]
[BlackElo "2504"]
[PlyCount "70"]
[EventDate "2017.11.16"]
[EventType "team-tourn"]
[EventRounds "11"]
[EventCountry "AUT"]
[SourceTitle "EXT 2019"]
[Source "ChessBase"]
[SourceDate "2018.10.10"]
[SourceVersion "1"]
[SourceVersionDate "2018.10.10"]
[SourceQuality "1"]
[WhiteTeam "Hohenems"]
[BlackTeam "Wien Ottakring"]
[WhiteTeamCountry "AUT"]
[BlackTeamCountry "AUT"]

1. e4 e5 2. Bc4 Nf6 3. d3 Nc6 4. Nf3 Bc5 5. 0-0 0-0 6. h3 h6 7. a4 d6 8. Re1 a5 9. c3 Ba7 10. Na3 Ne7 11. Bb3 Ng6 12. Nc2 Re8 13. Ne3 Be6 14. Bxe6 Rxe6 15. g3 Bxe3 16. Bxe3 d5 17. Qc2 Qd7 18. Rad1 Qc6 19. Bc1 Rd8 20. exd5 Nxd5 21. d4 Nb4 22. Qf5 Rf6 23. Qg4 Qxf3 24. Qxf3 Rxf3 25. cxb4 axb4 26. dxe5 Rxd1 27. Rxd1 Nxe5 28. Rd8+ Kh7 29. Bf4 Nd3 30. Bxc7 Nxb2 31. Rb8 Nc4 32. Rxb7 b3 33. a5 b2 34. Be5 Nxe5 35. Rxb2 Ra3 0-1

[Event "Zuerich op-A 41st"]
[Site "Zuerich"]
[Date "2017.12.28"]
[Round "4"]
[White "Akshat, Khamparia"]
[Black "Henrichs, Thomas"]
[Result "0-1"]
[WhiteElo "2364"]
[BlackElo "2486"]
[PlyCount "64"]
[EventDate "2017.12.26"]
[EventType "swiss"]
[EventRounds "7"]
[EventCountry "SUI"]
[SourceTitle "CBM 182 Extra"]
[Source "ChessBase"]
[SourceDate "2018.02.23"]
[SourceVersion "1"]
[SourceVersionDate "2018.02.23"]
[SourceQuality "1"]

1. d4 Nf6 2. c4 e6 3. Nc3 Bb4 4. Qc2 d5 5. cxd5 exd5 6. Bg5 c5 7. dxc5 h6 8. Bxf6 Qxf6 9. e3 0-0 10. Bd3 Be6 11. Nge2 Nd7 12. 0-0 Rac8 13. Rac1 Bxc5 14. Nf4 Qe5 15. Qe2 Nf6 16. Nxe6 fxe6 17. Na4 Be7 18. f4 Qd6 19. a3 Rxc1 20. Rxc1 e5 21. g3 Kh8 22. Rd1 Qe6 23. b4 Bd6 24. Nc3 Bc7 25. Bb1 Bb6 26. Na4 exf4 27. Nxb6 Qxb6 28. gxf4 Re8 29. Re1 d4 30. e4 d3+ 31. Qf2 Qxf2+ 32. Kxf2 Nxe4+ 0-1

[Event "AUT-chT2W 1718"]
[Site "Austria"]
[Date "2017.10.13"]
[Round "1.1"]
[White "Sergeev, Vladimir"]
[Black "Henrichs, Thomas"]
[Result "1-0"]
[WhiteElo "2417"]
[BlackElo "2482"]
[PlyCount "148"]
[EventDate "2017.10.13"]
[EventType "team-tourn"]
[EventRounds "11"]
[EventCountry "AUT"]
[SourceTitle "CBM 181 Extra"]
[Source "ChessBase"]
[SourceDate "2017.12.12"]
[SourceVersion "1"]
[SourceVersionDate "2017.12.12"]
[SourceQuality "1"]
[WhiteTeam "Bregenz"]
[BlackTeam "Hohenems II"]
[WhiteTeamCountry "AUT"]
[BlackTeamCountry "AUT"]

1. d4 Nf6 2. Nf3 g6 3. Bg5 Bg7 4. Nbd2 0-0 5. c3 d6 6. a4 h6 7. Bh4 Nh5 8. e4 g5 9. Bg3 e6 10. Ng1 Nxg3 11. hxg3 c5 12. dxc5 d5 13. Ngf3 Nd7 14. exd5 Nxc5 15. b4 Na6 16. Bxa6 bxa6 17. Qb3 Bb7 18. Rc1 Bxd5 19. c4 Bb7 20. Rd1 Qe7 21. 0-0 Rab8 22. Rb1 Rfd8 23. Rfd1 Ba8 24. g4 Rd7 25. b5 axb5 26. axb5 a6 27. Nf1 axb5 28. Rxd7 Qxd7 29. cxb5 Be4 30. Rd1 Bd5 31. Ne3 Bxb3 32. Rxd7 Rxb5 33. Nd4 Bxd4 34. Rxd4 Kg7 35. Rd7 Rb4 36. Ra7 Rb6 37. Rc7 Ba2 38. Rc5 Rb4 39. Ra5 Bb1 40. Rc5 Bg6 41. Ra5 Bd3 42. Rc5 Be2 43. f3 Rb2 44. Rc2 Rb1+ 45. Kf2 Bd3 46. Rd2 Rb3 47. Ra2 Kg6 48. Rd2 f5 49. gxf5+ exf5 50. Nd5 f4 51. Ne7+ Kf7 52. Nc6 Kf6 53. Nd4 Rc3 54. Ne2 Ra3 55. Nc1 Bc4 56. Rc2 Ra4 57. Ne2 Ke5 58. Nc3 Ra1 59. Ne2 Bd3 60. Rd2 Ra3 61. Nc1 Bc4 62. Ne2 h5 63. Rc2 Bd5 64. Nc3 Bb7 65. Re2+ Kf5 66. Nb5 Rd3 67. Rb2 Bc6 68. Rc2 Bd7 69. Rc5+ Kg6 70. Nc3 g4 71. Ne2 Rd2 72. Ke1 Ra2 73. Nxf4+ Kf7 74. Rxh5 Rxg2 1-0

[Event "Innsbruck op-A 1st"]
[Site "Innsbruck"]
[Date "2017.09.02"]
[Round "9"]
[White "Henrichs, Thomas"]
[Black "Meskovs, Nikita"]
[Result "1/2-1/2"]
[WhiteElo "2489"]
[BlackElo "2495"]
[PlyCount "78"]
[EventDate "2017.08.25"]
[EventType "swiss"]
[EventRounds "9"]
[EventCountry "AUT"]
[SourceTitle "CBM 180 Extra"]
[Source "ChessBase"]
[SourceDate "2017.10.06"]
[SourceVersion "1"]
[SourceVersionDate "2017.10.06"]
[SourceQuality "1"]

1. e4 e5 2. Nf3 Nc6 3. Bb5 a6 4. Ba4 Nf6 5. 0-0 Be7 6. Re1 b5 7. Bb3 d6 8. c3 0-0 9. h3 Bb7 10. d4 Re8 11. Ng5 Rf8 12. Nf3 Re8 13. Nbd2 Nd7 14. Nf1 exd4 15. cxd4 Na5 16. Bc2 Bf6 17. Rb1 c5 18. d5 Nc4 19. N3h2 Nce5 20. b3 a5 21. Ng3 b4 22. Nh5 c4 23. Nxf6+ Nxf6 24. bxc4 Rc8 25. Ba4 Rf8 26. Bb5 Nxc4 27. Qd4 Qc7 28. Bg5 Na3 29. Bxf6 gxf6 30. Re3 Qe7 31. Rxa3 bxa3 32. Ng4 Kh8 33. Bd3 Rc7 34. f4 Kg7 35. Qe3 f5 36. Qd4+ f6 37. Ne3 Bc8 38. Re1 Rc5 39. Nf1 Qa7 1/2-1/2